| 000 | 00678nam a2200253 i 4500 | ||
|---|---|---|---|
| 001 | 92719 | ||
| 003 | ES-MaACL | ||
| 005 | 20230906181037.0 | ||
| 007 | t| | ||
| 008 | 050420s1993 xxk ||||1| eng d | ||
| 020 | _a0-7141-8059-9 | ||
| 080 | _a003.323 | ||
| 080 | _a930.85(=92) | ||
| 100 | 1 |
_aWalker, C. B. F. _9115922 |
|
| 245 | 1 | 0 |
_aCuneiform / _cC. B. F. Walker. |
| 250 | _a3ยช ed. | ||
| 260 |
_aLondon : _bBritish Museum Press, _c1993. |
||
| 300 |
_a62 p. : _bil. ; _c24 cm. |
||
| 490 | 1 | _aReading the past | |
| 650 | 4 |
_aEscritura cuneiforme. _912404 |
|
| 830 | 0 |
_aReading the past _9232056 |
|
| 852 |
_aES-MaACL _jE-11026 _bR.134817 |
||
| 999 |
_c92719 _d92719 |
||